000 00656nam a22002177a 4500
003 UA-OsUOA
001 74588
007 ta
008 20110413b un ||||| |||| 00| 0 ukr d
100 _aСюндюков І.
090 _a94(477)
_bС98
942 _cSA
040 _aUA-OsUOA
_bukr
_cUA-OsUOA
_dUA-OsUOA
245 _aЗагибель Великого Новгорода. Як вільна республіка була знищена самодержавною Москвою
300 _aС.11
955 _a0
041 _aukr
080 _a94(477)
773 0 _w74587
650 7 _a9 Географія. Біографії. Історія
_2UDC
999 _c360879
_d360879